<?xml version="1.0" encoding="UTF-8"?>
<collection xmlns="http://www.loc.gov/MARC21/slim">
 <record>
  <leader>00573pamaa2200169   4500</leader>
  <controlfield tag="001">0000018814</controlfield>
  <controlfield tag="005">20070129090000.0</controlfield>
  <datafield tag="020" ind1="0" ind2="0">
   <subfield code="a">0124405703 </subfield>
  </datafield>
  <datafield tag="090" ind1="0" ind2="0">
   <subfield code="a">H62.A1 </subfield>
   <subfield code="b">HAN 1992</subfield>
  </datafield>
  <datafield tag="245" ind1="0" ind2="4">
   <subfield code="a">The HANDBOOK of qualitative research in education  </subfield>
   <subfield code="c">edited by Margaret D. LeCompte, Wendy L. Millroy and Judith Preissle.</subfield>
  </datafield>
  <datafield tag="260" ind1="0" ind2="0">
   <subfield code="a">San Diego: </subfield>
   <subfield code="b">Academic Press, </subfield>
   <subfield code="c">1992.</subfield>
  </datafield>
  <datafield tag="300" ind1=" " ind2=" ">
   <subfield code="a">xix, 881p.: </subfield>
   <subfield code="b">24cm.</subfield>
  </datafield>
  <datafield tag="650" ind1="0" ind2="0">
   <subfield code="a">Social sciences -- </subfield>
   <subfield code="x">Research </subfield>
  </datafield>
  <datafield tag="650" ind1="0" ind2="0">
   <subfield code="a">Education -- </subfield>
   <subfield code="x">Research </subfield>
  </datafield>
  <datafield tag="700" ind1="1" ind2="1">
   <subfield code="a">LeCompte, </subfield>
   <subfield code="h">Margaret Diane </subfield>
  </datafield>
  <datafield tag="700" ind1="1" ind2="1">
   <subfield code="a">Millroy, </subfield>
   <subfield code="h">Wendy L. </subfield>
  </datafield>
  <datafield tag="700" ind1="1" ind2="1">
   <subfield code="a">Preissle, </subfield>
   <subfield code="h">Judith </subfield>
  </datafield>
 </record>
</collection>
